[Event "IMSA Blitz w 2016"]
[Site "Huai'an CHN"]
[Date "2016.02.29"]
[Round "13.3"]
[White "Mkrtchian, Lilit"]
[Black "Zhao, Xue"]
[Result "0-1"]
[WhiteTitle "IM"]
[BlackTitle "GM"]
[WhiteElo "2434"]
[BlackElo "2506"]
[WhiteFideId "13300601"]
[BlackFideId "8601283"]
[EventDate "2016.02.28"]

1. c4 e6 2. g3 f5 3. Bg2 Nf6 4. Nc3 d6 5. d4 Be7 6. e3 O-O 7. Nge2 c6 8. O-O Qe8
9. e4 e5 10. dxe5 dxe5 11. Bg5 Na6 12. exf5 Bxf5 13. Bxf6 gxf6 14. Ne4 Rd8 15.
Qc1 Qg6 16. N2c3 Rd4 17. Qe3 Rfd8 18. b3 Nb4 19. Rad1 Nxa2 20. Nxa2 Rxd1 21.
Nac3 Rxf1+ 22. Bxf1 Rd4 23. Bg2 Bf8 24. h3 h5 25. Kh2 b5 26. cxb5 cxb5 27. f3 a6
28. Ne2 Rd8 29. Qb6 Be7 30. Qxa6 b4 31. Qc4+ Qf7 32. Qc7 Rd7 33. Qb8+ Kg7 34. g4
Bxe4 35. fxe4 Qxb3 36. Ng3 hxg4 37. Nf5+ Kh7 38. Qe8 Qe6 39. Qh5+ Kg8 40. Qg6+
Kf8 41. Qg7+ Ke8 42. Qh8+ Kf7 43. Qh5+ Kf8 44. Qh8+ Kf7 45. Qh5+ Kf8 46. Qh8+
Kf7 47. Qh5+ Kf8 48. Qh8+ Qg8 49. Qh6+ Ke8 50. Qh5+ Kd8 51. Nh6 Qg7 52. Nxg4 b3
53. Qh4 b2 54. Qe1 Rb7 55. Qa5+ Kd7 56. Qa4+ Kc7 57. Qa5+ Kb8 58. Qa4 Qf8 0-1

[Event "IMSA Blitz w 2016"]
[Site "Huai'an CHN"]
[Date "2016.02.29"]
[Round "13.6"]
[White "Harika, Dronavalli"]
[Black "Socko, Monika"]
[Result "1-0"]
[WhiteTitle "GM"]
[BlackTitle "GM"]
[WhiteElo "2511"]
[BlackElo "2448"]
[WhiteFideId "5015197"]
[BlackFideId "1106619"]
[EventDate "2016.02.28"]

1. c4 e5 2. g3 Nc6 3. Bg2 g6 4. Nc3 Bg7 5. d3 Nf6 6. e4 O-O 7. Nge2 d6 8. O-O
Be6 9. h3 a6 10. Be3 Rb8 11. Rc1 Nd7 12. b3 f5 13. Qd2 Nd4 14. Bg5 Bf6 15. Bxf6
Qxf6 16. f4 exf4 17. Nxf4 Nb6 18. Nce2 Rbe8 19. Kh2 Nxe2 20. Nxe2 c6 21. d4 Qg7
22. Nc3 c5 23. dxc5 dxc5 24. exf5 Bxf5 25. Rce1 Rd8 26. Nd5 Nxd5 27. Bxd5+ Kh8
28. Qe3 b6 29. Rf2 Bc8 30. Ref1 h6 31. Rf7 Qb2+ 32. R1f2 Rxf7 33. Rxb2 Rh7 34.
Qe5+ Rg7 35. Rf2 Kh7 36. g4 Bd7 37. Qd6 Re8 38. Qxb6 Re3 39. Qxc5 Rge7 40. Rf7+
Rxf7 41. Qxe3 a5 42. Bxf7 1-0

[Event "IMSA Blitz w 2016"]
[Site "Huai'an CHN"]
[Date "2016.02.29"]
[Round "13.8"]
[White "Dzagnidze, Nana"]
[Black "Khotenashvili, Bela"]
[Result "1-0"]
[WhiteTitle "GM"]
[BlackTitle "GM"]
[WhiteElo "2529"]
[BlackElo "2502"]
[WhiteFideId "13601903"]
[BlackFideId "13602640"]
[EventDate "2016.02.28"]

1. d4 g6 2. c4 Bg7 3. Nc3 c5 4. Nf3 d6 5. e3 Nf6 6. Be2 O-O 7. O-O cxd4 8. Nxd4
Nc6 9. b3 Nxd4 10. exd4 d5 11. c5 Bf5 12. b4 b6 13. Bf4 bxc5 14. bxc5 Qa5 15.
Qd2 e6 16. Nxd5 Qxd2 17. Ne7+ Kh8 18. Bxd2 Be4 19. f3 Bd5 20. Bf4 Rfe8 21. Bd6
Rxe7 22. Bxe7 Ng8 23. Bd6 Bxd4+ 24. Kh1 Bxa1 25. Rxa1 Kg7 26. Rc1 Bc6 27. Ba6 f5
28. Rb1 Re8 29. Bb7 Bd7 30. c6 Bc8 31. Bxc8 Rxc8 32. c7 1-0

[Event "IMSA Blitz w 2016"]
[Site "Huai'an CHN"]
[Date "2016.02.29"]
[Round "14.1"]
[White "Ju, Wenjun"]
[Black "Khotenashvili, Bela"]
[Result "1/2-1/2"]
[WhiteTitle "GM"]
[BlackTitle "GM"]
[WhiteElo "2558"]
[BlackElo "2502"]
[WhiteFideId "8603006"]
[BlackFideId "13602640"]
[EventDate "2016.02.28"]

1. c4 g6 2. e4 Bg7 3. d4 c5 4. Nf3 d6 5. Be2 cxd4 6. Nxd4 Nc6 7. Be3 Nf6 8. Nc3
O-O 9. O-O Bd7 10. b3 Qa5 11. Rc1 Rfc8 12. f3 Nxd4 13. Bxd4 a6 14. a4 Bc6 15.
Qd2 Nd7 16. Bxg7 Kxg7 17. Rb1 Qb4 18. Kh1 f6 19. f4 Rd8 20. Qe3 Rac8 21. Bg4 Rc7
22. Rfd1 Qc5 23. Qd3 Qb4 24. h3 Nc5 25. Qe3 Nd7 26. e5 fxe5 27. Bxd7 Rcxd7 28.
fxe5 Qc5 29. Qe2 Qxe5 30. Qc2 a5 31. Rd3 Rf8 32. Nd5 e6 33. Re3 Qf5 34. Qb2+ Kg8
35. Nc3 Rdf7 36. Rbe1 Qg5 37. R1e2 Rf1+ 38. Kh2 Qf4+ 39. Rg3 e5 40. Nd5 Bxd5 41.
cxd5 Rf2 42. Rxf2 Qxf2 43. Qc3 Qb6 44. Qd3 Kg7 45. Rg4 Rf2 46. Rc4 Rb2 47. Qg3
Rxb3 48. Qg5 Rb4 49. Qe7+ Kh6 50. Qh4+ Kg7 51. Qe7+ Kh6 52. Rc7 Qe3 53. Qxh7+
Kg5 54. Qe7+ Kf5 55. Qf7+ Kg5 56. Qe7+ Kf5 57. Qe6+ Kg5 58. Qe7+ Kf5 59. Qf7+
Kg5 60. Qe7+ Kf5 61. Qe6+ Kg5 62. Qe7+ Kf5 1/2-1/2

[Event "IMSA Blitz w 2016"]
[Site "Huai'an CHN"]
[Date "2016.02.29"]
[Round "14.3"]
[White "Socko, Monika"]
[Black "Gunina, Valentina"]
[Result "1-0"]
[WhiteTitle "GM"]
[BlackTitle "GM"]
[WhiteElo "2448"]
[BlackElo "2496"]
[WhiteFideId "1106619"]
[BlackFideId "4167570"]
[EventDate "2016.02.28"]

1. d4 d5 2. c4 c6 3. cxd5 cxd5 4. Nc3 Nf6 5. Bf4 Nc6 6. e3 Bg4 7. Qb3 Na5 8.
Qa4+ Bd7 9. Bb5 Nc6 10. Nf3 e6 11. O-O Be7 12. Rac1 O-O 13. h3 Rc8 14. Bxc6 Bxc6
15. Qb3 Nd7 16. Ne5 Nxe5 17. Bxe5 Qa5 18. a3 Qa6 19. Rfd1 Bd7 20. Re1 f6 21. Bg3
f5 22. Be5 Rc4 23. Ne2 Rfc8 24. Rxc4 Rxc4 25. Nf4 Ba4 26. Qd3 g5 27. Nh5 Rc2 28.
Qxa6 bxa6 29. b4 Kf7 30. f4 h6 31. g4 Rc3 32. Ng3 Bd7 33. Kf2 a5 34. bxa5 Rxa3
35. Rc1 Rxa5 36. Rc7 Ra2+ 37. Kg1 Ke8 38. Nh5 Bd8 39. Rb7 a5 40. Bd6 Ra1+ 41.
Kg2 Ra2+ 42. Kf3 fxg4+ 43. hxg4 Be7 44. Ng7+ Kd8 45. Rb8+ Bc8 46. Nxe6+ Kd7 47.
Bxe7 Kxe6 48. Rxc8 Kxe7 49. Rc6 gxf4 50. exf4 Ra3+ 51. Kf2 Ra2+ 52. Kg3 Rd2 53.
Rxh6 Rxd4 54. Ra6 a4 55. g5 Re4 56. Kg4 Kf7 57. Kf5 Re7 58. Rxa4 Rd7 59. Rd4 Kg7
60. Kg4 Rd8 61. f5 Kf7 62. Kf4 Rd7 63. Ke5 Re7+ 64. Kxd5 Re1 65. Re4 Rg1 66. g6+
Kf6 67. Rf4 Rd1+ 68. Ke4 Re1+ 69. Kf3 Rf1+ 70. Kg4 Rg1+ 71. Kh5 Rh1+ 72. Rh4 Ra1
73. Kh6 Ra8 74. g7 Kxf5 75. Kh7 Ra7 76. Kh8 1-0

[Event "IMSA Blitz w 2016"]
[Site "Huai'an CHN"]
[Date "2016.02.29"]
[Round "14.7"]
[White "Paehtz, Elisabeth"]
[Black "Mkrtchian, Lilit"]
[Result "0-1"]
[WhiteTitle "IM"]
[BlackTitle "IM"]
[WhiteElo "2472"]
[BlackElo "2434"]
[WhiteFideId "4641833"]
[BlackFideId "13300601"]
[EventDate "2016.02.28"]

1. d4 Nf6 2. c4 e6 3. g3 c5 4. Nf3 cxd4 5. Nxd4 Qc7 6. e3 a6 7. Nc3 Be7 8. Qe2
b6 9. Bg2 Bb7 10. f3 O-O 11. O-O Nc6 12. Nxc6 Bxc6 13. Bd2 Qb7 14. e4 d6 15. a4
Rac8 16. Rac1 Nd7 17. b4 Qb8 18. Be3 Ba8 19. Rfd1 Ne5 20. Nb1 Bc6 21. f4 Nd7 22.
Nc3 Nf6 23. g4 Rfe8 24. g5 Nd7 25. Qf2 Ba8 26. Ne2 Bf8 27. Ng3 Bc6 28. b5 Ba8
29. Bd4 e5 30. Bh3 Rc7 31. Bxd7 Rxd7 32. Be3 exf4 33. Bxf4 axb5 34. cxb5 Ra7 35.
Rd4 Rc7 36. Rcd1 Rc3 37. Nf5 Bxe4 38. Nxd6 Bxd6 39. Rxd6 Qc8 40. h4 Qh3 41. Bh2
Qg4+ 42. Kf1 Qh3+ 43. Kg1 Qg4+ 44. Kf1 Bf3 45. Rd8 Be2+ 46. Ke1 Rc8 47. Rxc8
Qxc8 48. Rd2 Bxb5+ 49. Kd1 Bxa4+ 0-1

[Event "IMSA Blitz w 2016"]
[Site "Huai'an CHN"]
[Date "2016.02.29"]
[Round "14.8"]
[White "Lagno, Kateryna"]
[Black "Tan, Zhongyi"]
[Result "1/2-1/2"]
[WhiteTitle "GM"]
[BlackTitle "WGM"]
[WhiteElo "2529"]
[BlackElo "2504"]
[WhiteFideId "14109336"]
[BlackFideId "8603642"]
[EventDate "2016.02.28"]

1. e4 d6 2. d4 Nf6 3. Nc3 g6 4. Be3 a6 5. Nf3 Bg7 6. Qd2 b5 7. Bh6 O-O 8. Bd3
Nc6 9. Bxg7 Kxg7 10. e5 dxe5 11. dxe5 Ng4 12. O-O-O b4 13. Rhe1 Be6 14. Na4 Qd5
15. b3 Ncxe5 16. Nxe5 Nxe5 17. Be4 Qxd2+ 18. Rxd2 Rad8 19. Rxd8 Rxd8 20. f4 Nd7
21. Rd1 Rf8 22. Bc6 Nb8 23. Bf3 Nd7 24. Bc6 Nb8 25. Bf3 Nd7 1/2-1/2

[Event "IMSA Blitz w 2016"]
[Site "Huai'an CHN"]
[Date "2016.02.29"]
[Round "15.1"]
[White "Tan, Zhongyi"]
[Black "Ju, Wenjun"]
[Result "1-0"]
[WhiteTitle "WGM"]
[BlackTitle "GM"]
[WhiteElo "2504"]
[BlackElo "2558"]
[WhiteFideId "8603642"]
[BlackFideId "8603006"]
[EventDate "2016.02.28"]

1. d4 Nf6 2. c4 e6 3. Nc3 Bb4 4. Nf3 b6 5. Bg5 Bb7 6. e3 h6 7. Bh4 g5 8. Bg3 Ne4
9. Qc2 Bxc3+ 10. bxc3 d6 11. Bd3 f5 12. d5 Nd7 13. Nd4 Ndc5 14. O-O Qf6 15. Bxe4
fxe4 16. f4 O-O-O 17. dxe6 Nxe6 18. fxg5 Nxd4 19. cxd4 Qxg5 20. Bf4 Qh5 21. a4
Rhg8 22. a5 Rd7 23. axb6 axb6 24. Rf2 Rdg7 25. Rc1 Bc6 26. c5 dxc5 27. dxc5 b5
28. Qa2 Qh4 29. Qa6+ Bb7 30. Qe6+ Kb8 31. Bg3 Qg5 32. Qb3 Bc6 33. Qc3 h5 34. Bf4
Qd5 35. Rd2 Qe6 36. Rcd1 Kb7 37. Qe5 Qxe5 38. Bxe5 Re7 39. Bf4 Ra8 40. Rc1 Ra4
41. Kf2 b4 42. Rb2 Ka6 43. h3 Kb5 44. g4 hxg4 45. hxg4 Bd5 46. g5 Rg7 47. Kg3 b3
48. Kg4 Ra2 49. Rxa2 bxa2 50. Be5 Rg8 51. Kf5 Bf7 52. Bxc7 Ra8 53. Be5 Ra6 54.
Bf6 Rc6 55. g6 Bg8 56. g7 Bh7+ 57. Kg5 Kb4 58. Bd4 Kb3 59. Rh1 Bg8 60. Rh8 Rc8
61. Rh1 Rd8 62. Rf1 Kc2 63. c6 Rc8 64. Rf8 Rxc6 65. Rxg8 Rc7 66. Ra8 1-0

[Event "IMSA Blitz w 2016"]
[Site "Huai'an CHN"]
[Date "2016.02.29"]
[Round "15.2"]
[White "Mkrtchian, Lilit"]
[Black "Lagno, Kateryna"]
[Result "1/2-1/2"]
[WhiteTitle "IM"]
[BlackTitle "GM"]
[WhiteElo "2434"]
[BlackElo "2529"]
[WhiteFideId "13300601"]
[BlackFideId "14109336"]
[EventDate "2016.02.28"]

1. c4 g6 2. g3 Bg7 3. Bg2 c5 4. Nc3 Nc6 5. e3 e6 6. Nge2 Nge7 7. Nf4 O-O 8. O-O
d6 9. b3 b6 10. Bb2 Bb7 11. Qe2 Qd7 12. d3 Rfe8 13. Ne4 e5 14. Nd5 Nxd5 15. cxd5
Ne7 16. Nc3 b5 17. e4 b4 18. Nd1 a5 19. a4 bxa3 20. Rxa3 a4 21. Ne3 axb3 22.
Rxb3 Ba6 23. Nc4 Bxc4 24. dxc4 Reb8 25. Rxb8+ Rxb8 26. Ra1 Nc8 27. Bf1 Qb7 28.
Bc1 Ra8 29. Rxa8 Qxa8 30. Qb2 Bf8 31. h4 h5 32. Qb5 Qa7 33. Bg5 Kg7 34. Qe8 Qc7
35. Qb5 Be7 36. Be3 Qb6 37. Qe8 Qd8 38. Qb5 Qb6 39. Qe8 Qd8 40. Qb5 1/2-1/2

[Event "IMSA Blitz w 2016"]
[Site "Huai'an CHN"]
[Date "2016.02.29"]
[Round "15.4"]
[White "Huang, Qian"]
[Black "Zhao, Xue"]
[Result "1/2-1/2"]
[WhiteTitle "WGM"]
[BlackTitle "GM"]
[WhiteElo "2450"]
[BlackElo "2506"]
[WhiteFideId "8602689"]
[BlackFideId "8601283"]
[EventDate "2016.02.28"]

1. c4 Nf6 2. Nf3 a6 3. Nc3 b5 4. cxb5 axb5 5. Nxb5 Ba6 6. Nc3 e6 7. g3 d5 8. Bg2
c5 9. d4 Nbd7 10. O-O Be7 11. Re1 O-O 12. Bf4 Qb6 13. Na4 Qa7 14. dxc5 Nxc5 15.
Be3 Bxe2 16. Rxe2 Qxa4 17. Qxa4 Rxa4 18. a3 Nb3 19. Rd1 Ng4 20. Bf4 h6 21. Ne5
Nxe5 22. Bxe5 Rc8 23. Bc3 Bxa3 24. Bxg7 Kxg7 25. bxa3 Na5 26. f4 Rxa3 27. f5 Rc6
28. fxe6 fxe6 29. Rf1 Nc4 30. Bh3 Re3 31. Ref2 Nd6 32. Rf6 Ne4 33. Rxe6 Rxe6 34.
Bxe6 Nd2 35. Rf2 Nf3+ 36. Kf1 Nxh2+ 37. Rxh2 Rxe6 38. Kf2 Kg6 39. Kf3 Kg5 40.
Rd2 Re5 41. Rd1 Kf5 42. Rd2 h5 43. Rd1 Ke6 44. Rd2 Rf5+ 45. Ke3 Ke5 46. Rd1 Rg5
47. Kf3 Rg8 48. Re1+ Kd4 49. Rd1+ Kc5 50. Rc1+ Kd6 51. Kf4 Rg4+ 52. Kf3 Rc4 53.
Rh1 Rc3+ 54. Kf4 Rc4+ 55. Kf3 Rc3+ 56. Kf4 d4 57. Rxh5 Re3 58. Rh8 Re7 59. Rd8+
Kc5 60. g4 Kc4 61. g5 d3 62. Kf5 Rf7+ 63. Ke6 Rf4 64. g6 Rg4 65. Kf7 Kc3 66. g7
d2 67. g8=Q Rxg8 68. Kxg8 Kc2 69. Rxd2+ Kxd2 1/2-1/2

[Event "IMSA Blitz w 2016"]
[Site "Huai'an CHN"]
[Date "2016.02.29"]
[Round "15.7"]
[White "Dzagnidze, Nana"]
[Black "Socko, Monika"]
[Result "0-1"]
[WhiteTitle "GM"]
[BlackTitle "GM"]
[WhiteElo "2529"]
[BlackElo "2448"]
[WhiteFideId "13601903"]
[BlackFideId "1106619"]
[EventDate "2016.02.28"]

1. d4 Nf6 2. c4 e6 3. Nf3 Bb4+ 4. Bd2 Qe7 5. e3 O-O 6. Be2 d5 7. O-O Bxd2 8.
Qxd2 Nbd7 9. Nc3 c6 10. Rac1 dxc4 11. Bxc4 e5 12. Rfd1 exd4 13. exd4 Nb6 14. Bb3
Bg4 15. Qf4 Bxf3 16. Qxf3 Rad8 17. h3 h6 18. Ne2 Nbd5 19. Ng3 Rfe8 20. Bc2 Qd6
21. a3 Qf4 22. Qd3 g6 23. Re1 Kg7 24. Rxe8 Qxc1+ 0-1

[Event "IMSA Blitz w 2016"]
[Site "Huai'an CHN"]
[Date "2016.02.29"]
[Round "16.2"]
[White "Khotenashvili, Bela"]
[Black "Socko, Monika"]
[Result "0-1"]
[WhiteTitle "GM"]
[BlackTitle "GM"]
[WhiteElo "2502"]
[BlackElo "2448"]
[WhiteFideId "13602640"]
[BlackFideId "1106619"]
[EventDate "2016.02.28"]

1. Nf3 d5 2. g3 Nc6 3. Bg2 e5 4. d3 f6 5. Nbd2 Be6 6. c4 Nge7 7. O-O Qd7 8. Rb1
O-O-O 9. cxd5 Nxd5 10. a3 g5 11. b4 Nc3 12. Qc2 Nxe2+ 13. Kh1 Qxd3 14. Qxd3 Rxd3
15. Ne4 Nxc1 16. Rfxc1 Be7 17. b5 Nd4 18. Nxd4 Rxd4 19. Rc3 Rhd8 20. h3 Rd1+ 21.
Rxd1 Rxd1+ 22. Kh2 Rd4 23. g4 Bd5 24. Ng3 Bxg2 25. Kxg2 Ra4 26. Nf5 Bxa3 27. Ne3
Bd6 28. Nd5 Ra5 29. Nxf6 Rxb5 30. Nxh7 e4 31. Nf6 Be5 0-1

[Event "IMSA Blitz w 2016"]
[Site "Huai'an CHN"]
[Date "2016.02.29"]
[Round "16.5"]
[White "Harika, Dronavalli"]
[Black "Zhao, Xue"]
[Result "0-1"]
[WhiteTitle "GM"]
[BlackTitle "GM"]
[WhiteElo "2511"]
[BlackElo "2506"]
[WhiteFideId "5015197"]
[BlackFideId "8601283"]
[EventDate "2016.02.28"]

1. c4 e6 2. g3 d5 3. d4 Bb4+ 4. Bd2 a5 5. Nf3 Nf6 6. Bg2 O-O 7. O-O b6 8. Bg5
Be7 9. Nc3 c6 10. Qc2 Nbd7 11. e4 Ba6 12. Nd2 c5 13. dxc5 d4 14. Nb5 bxc5 15. f4
e5 16. Rae1 Rc8 17. a4 Ng4 18. Bxe7 Qxe7 19. Qd3 Ne3 20. Rf2 Nxg2 21. Kxg2 exf4
22. gxf4 Nb8 23. f5 f6 24. Rg1 Nc6 25. Kf1 Ne5 26. Qh3 Nf7 27. Qg4 Ne5 28. Qh3
Rf7 29. Rfg2 Bb7 30. Rg3 Kh8 31. Qh4 Rd8 32. Rh3 h6 33. Qf4 Bc6 34. b3 Bb7 35.
Rhg3 Rd7 36. Rh3 Bc6 37. Qg3 Rd8 38. Qf4 Rd7 39. Qg3 Rd8 40. Qf4 Qf8 41. Rgg3
Re7 42. Rh4 Nf7 43. Rhg4 Ng5 44. Rxg5 fxg5 45. Qg4 Qf6 46. Rh3 Kg8 47. Kf2 Rde8
48. Kf3 Bxe4+ 49. Nxe4 Rxe4 50. Qxe4 Rxe4 51. Kxe4 Qc6+ 52. Ke5 Qg2 53. Rg3 Qxh2 0-1

[Event "IMSA Blitz w 2016"]
[Site "Huai'an CHN"]
[Date "2016.02.29"]
[Round "16.6"]
[White "Huang, Qian"]
[Black "Paehtz, Elisabeth"]
[Result "0-1"]
[WhiteTitle "WGM"]
[BlackTitle "IM"]
[WhiteElo "2450"]
[BlackElo "2472"]
[WhiteFideId "8602689"]
[BlackFideId "4641833"]
[EventDate "2016.02.28"]

1. Nf3 d6 2. g3 g6 3. Bg2 Bg7 4. O-O Nf6 5. d3 O-O 6. c4 e5 7. Nc3 Nc6 8. Rb1 a5
9. a3 Bf5 10. Re1 Qd7 11. Nd2 Bh3 12. Bh1 Ng4 13. Nde4 h6 14. f3 f5 15. Nf2 Nxf2
16. Kxf2 Nd4 17. e3 Ne6 18. Bd2 Nc5 19. Qc2 a4 20. Ne2 e4 21. Nf4 g5 22. Nxh3
Nxd3+ 23. Kg1 Nxe1 24. Rxe1 f4 25. g4 fxe3 26. Bxe3 exf3 27. Nf2 Rae8 28. Qd2
Qc6 29. Rc1 Kh8 30. Nd3 Qe4 31. Bf2 Qxg4+ 32. Kf1 Re2 33. Qa5 Qh3+ 34. Kg1 Be5
35. Nxe5 Rxe5 36. Qxc7 Re4 37. Rc2 Rfe8 38. Qxd6 Rg4+ 39. Bg3 Re1+ 40. Kf2 Qf1# 0-1

[Event "IMSA Blitz w 2016"]
[Site "Huai'an CHN"]
[Date "2016.02.29"]
[Round "16.8"]
[White "Mkrtchian, Lilit"]
[Black "Tan, Zhongyi"]
[Result "1/2-1/2"]
[WhiteTitle "IM"]
[BlackTitle "WGM"]
[WhiteElo "2434"]
[BlackElo "2504"]
[WhiteFideId "13300601"]
[BlackFideId "8603642"]
[EventDate "2016.02.28"]

1. c4 e6 2. g3 Nf6 3. Bg2 d5 4. Nf3 d4 5. O-O c5 6. e3 Nc6 7. exd4 cxd4 8. d3
Bd6 9. Bg5 h6 10. Bxf6 Qxf6 11. Nbd2 Qe7 12. Re1 O-O 13. a3 a5 14. Nb3 Rd8 15.
Rc1 Bc7 16. c5 e5 17. Nbd2 Be6 18. Nc4 f6 19. Nfd2 Kh8 20. Ne4 Rab8 21. Ned6 Qd7
22. Qf3 Ne7 23. b4 axb4 24. axb4 b5 25. Na5 Bd5 26. Qd1 Bxd6 27. cxd6 Qxd6 28.
Bxd5 Qxd5 29. Rc5 Qe6 30. Qf3 Rdc8 31. Rec1 Rxc5 32. bxc5 b4 33. c6 Qd5 34. Qxd5
Nxd5 35. Rc5 Nc7 36. Nb3 Kg8 37. f4 Rb5 38. Rc4 Kf7 39. fxe5 fxe5 40. Kf2 Ke6
41. Ke2 Kd6 42. Rc1 Rb8 43. Nc5 b3 44. Ne4+ Ke7 45. Rb1 Nd5 46. Kd2 Rb6 47. Nc5
Rxc6 48. Nxb3 Rb6 49. Kc2 Nb4+ 50. Kd2 Nd5 51. Kc2 Ne3+ 52. Kb2 Rf6 53. Rc1 Rf2+
54. Ka3 Rxh2 55. Rc7+ Kf6 56. Nc5 Nd5 57. Ne4+ Kg6 58. Rc6+ Kh7 59. Re6 Nc3 60.
Rxe5 Re2 61. Kb3 Nxe4 62. dxe4 Re3+ 63. Kc4 Rxg3 64. Kxd4 Rg1 65. Rh5 Kg6 66.
Rh2 Kf6 67. Rf2+ Ke6 68. Ra2 Rd1+ 69. Ke3 Kf6 70. Ra5 g5 71. Kf3 Rd3+ 72. Kg4
Re3 73. Ra6+ Kg7 74. Ra7+ Kf6 75. Ra6+ Ke5 76. Rxh6 Rxe4+ 1/2-1/2

[Event "IMSA Blitz w 2016"]
[Site "Huai'an CHN"]
[Date "2016.02.29"]
[Round "17.1"]
[White "Mkrtchian, Lilit"]
[Black "Ju, Wenjun"]
[Result "0-1"]
[WhiteTitle "IM"]
[BlackTitle "GM"]
[WhiteElo "2434"]
[BlackElo "2558"]
[WhiteFideId "13300601"]
[BlackFideId "8603006"]
[EventDate "2016.02.28"]

1. c4 c5 2. g3 Nf6 3. Bg2 d5 4. cxd5 Nxd5 5. Nc3 Nc7 6. b3 e5 7. Bb2 Be7 8. Rc1
O-O 9. Na4 Nd7 10. Nf3 f6 11. O-O Rb8 12. e3 b5 13. Nc3 Bb7 14. d3 a6 15. Ne4
Ne6 16. Qe2 Kh8 17. Rfd1 Qb6 18. Bh3 f5 19. Ned2 Qd6 20. Nb1 Bxf3 21. Qxf3 Ng5
22. Qg2 Qh6 23. f4 Nxh3+ 24. Kh1 Bf6 25. Nc3 exf4 26. gxf4 Rbe8 27. Re1 Qh4 0-1

[Event "IMSA Blitz w 2016"]
[Site "Huai'an CHN"]
[Date "2016.02.29"]
[Round "17.3"]
[White "Lagno, Kateryna"]
[Black "Huang, Qian"]
[Result "1-0"]
[WhiteTitle "GM"]
[BlackTitle "WGM"]
[WhiteElo "2529"]
[BlackElo "2450"]
[WhiteFideId "14109336"]
[BlackFideId "8602689"]
[EventDate "2016.02.28"]

1. e4 b6 2. d4 Bb7 3. Bd3 e6 4. Nh3 c5 5. d5 exd5 6. exd5 Bxd5 7. Nf4 Be6 8. Be4
Nc6 9. Nxe6 fxe6 10. Qh5+ Ke7 11. Bxc6 dxc6 12. Nc3 Nf6 13. Bg5 Qe8 14. Qf3 h6
15. Bh4 Rd8 16. O-O Rd4 17. Bg3 Nd5 18. Ne4 Qg6 19. Rfe1 Kd7 20. c3 Ra4 21. b3
Ra3 22. c4 Nb4 23. Qf4 Na6 24. Rad1+ Kc8 25. Nd6+ Bxd6 26. Qxd6 Kb7 27. Qd7+ Nc7
28. Qxc7+ Ka6 29. Rd7 Ka5 30. Qxa7+ Kb4 31. Qxb6+ Kc3 32. Qxc5 Rxa2 33. Qe3+ Kb4
34. Bd6+ 1-0

[Event "IMSA Blitz w 2016"]
[Site "Huai'an CHN"]
[Date "2016.02.29"]
[Round "17.4"]
[White "Paehtz, Elisabeth"]
[Black "Harika, Dronavalli"]
[Result "0-1"]
[WhiteTitle "IM"]
[BlackTitle "GM"]
[WhiteElo "2472"]
[BlackElo "2511"]
[WhiteFideId "4641833"]
[BlackFideId "5015197"]
[EventDate "2016.02.28"]

1. e4 e6 2. d4 d5 3. Nd2 Nf6 4. e5 Nfd7 5. f4 c5 6. Ngf3 Nc6 7. Nb3 c4 8. Nbd2
h6 9. Be2 g5 10. c3 g4 11. Ng1 h5 12. Nf1 f5 13. b3 Nb6 14. Ne3 cxb3 15. axb3
Bd7 16. Bd3 Kf7 17. Ne2 a6 18. O-O Be7 19. Bd2 Be8 20. Qb1 Bd7 21. c4 dxc4 22.
bxc4 Kg7 23. Kh1 h4 24. d5 h3 25. g3 Bc5 26. Nc3 Ne7 27. Ra5 Rc8 28. Qb3 Bxe3
29. Bxe3 Nxc4 30. Bxc4 Qxa5 31. Bd4 b5 32. Bd3 Nxd5 33. Nxd5 Bc6 34. Be4 Bxd5
35. Bxd5 Qd8 36. Rd1 Qxd5+ 37. Qxd5 exd5 38. e6+ Kg6 39. Be5 Rhe8 40. Rxd5 Rc1+ 0-1

[Event "IMSA Blitz w 2016"]
[Site "Huai'an CHN"]
[Date "2016.02.29"]
[Round "17.5"]
[White "Zhao, Xue"]
[Black "Gunina, Valentina"]
[Result "1-0"]
[WhiteTitle "GM"]
[BlackTitle "GM"]
[WhiteElo "2506"]
[BlackElo "2496"]
[WhiteFideId "8601283"]
[BlackFideId "4167570"]
[EventDate "2016.02.28"]

1. Nf3 d5 2. g3 c6 3. Bg2 Bg4 4. c4 e6 5. cxd5 exd5 6. O-O Nd7 7. h3 Bh5 8. d3
Ngf6 9. Bf4 Bc5 10. Nc3 O-O 11. Qc2 Re8 12. Rfe1 Bxf3 13. Bxf3 Bd4 14. Rac1 Qb6
15. e3 Be5 16. Bxe5 Nxe5 17. Bg2 Rad8 18. Na4 Qc7 19. d4 Ng6 20. Nc5 h5 21. h4
Qc8 22. b4 a6 23. a4 Rd6 24. Nd3 Qd7 25. Qb2 Ne4 26. Nc5 Qe7 27. Nxe4 dxe4 28.
Qc3 Rd5 29. Rb1 Qe6 30. Rec1 Ne7 31. b5 axb5 32. axb5 cxb5 33. Qc2 Nc8 34. Qxe4
Qxe4 35. Bxe4 Rxe4 36. Rxc8+ Kh7 37. Rc7 g5 38. hxg5 Rxg5 39. Rxf7+ Kg6 40. Rxb7
h4 41. Rb6+ Kh5 42. R1xb5 hxg3 43. Rxg5+ Kxg5 44. Kg2 gxf2 45. Kxf2 Rh4 46. Kf3
Kf5 47. Rb5+ Kf6 48. Ke2 Rh1 49. Kd3 Rh3 50. Ke4 Rh4+ 51. Kd3 Rh3 52. Rb6+ Kf5
53. Rb8 Rg3 54. Re8 Rg1 55. e4+ Kf6 56. e5+ Kf7 57. Ra8 Ke6 58. Ra6+ Ke7 59. Ke4
Rb1 60. Ra7+ Ke8 61. d5 Rd1 62. d6 Rh1 63. Kd5 Rh6 64. e6 1-0

[Event "IMSA Blitz w 2016"]
[Site "Huai'an CHN"]
[Date "2016.02.29"]
[Round "18.1"]
[White "Ju, Wenjun"]
[Black "Socko, Monika"]
[Result "1-0"]
[WhiteTitle "GM"]
[BlackTitle "GM"]
[WhiteElo "2558"]
[BlackElo "2448"]
[WhiteFideId "8603006"]
[BlackFideId "1106619"]
[EventDate "2016.02.28"]

1. d4 Nf6 2. c4 e6 3. Nc3 Bb4 4. e3 O-O 5. Ne2 d5 6. a3 Be7 7. cxd5 exd5 8. Nf4
c6 9. Bd3 c5 10. dxc5 Bxc5 11. Ncxd5 Nc6 12. Nxf6+ Qxf6 13. Qh5 g6 14. Qxc5 Ne5
15. Be2 Bf5 16. Nd5 Qe6 17. Ne7+ Kg7 18. Nxf5+ Qxf5 19. Qd4 Rad8 20. Qf4 Qe6 21.
O-O f6 22. e4 Qb3 23. Qe3 Qc2 24. h3 b6 25. Re1 Rd7 26. Bf1 Rfd8 27. Qc3 Qa4 28.
Bf4 Re8 29. b4 Ree7 30. Bxe5 Rxe5 31. Bc4 Rc7 32. Qd3 b5 33. Bd5 Qa6 34. Rac1
Rd7 35. Qc3 Qd6 36. Red1 Qb8 37. Bc6 Rde7 38. g3 Qb6 39. Qe3 Qb8 40. Rc5 R5e6
41. Rxb5 Qc8 42. Bd5 Ra6 43. Qc5 Rc7 44. Qd4 Rxa3 45. e5 Ra6 46. exf6+ Rxf6 47.
Rc5 Rxc5 48. bxc5 Qxh3 49. c6 Qc8 50. Re1 1-0

[Event "IMSA Blitz w 2016"]
[Site "Huai'an CHN"]
[Date "2016.02.29"]
[Round "18.4"]
[White "Dzagnidze, Nana"]
[Black "Zhao, Xue"]
[Result "1-0"]
[WhiteTitle "GM"]
[BlackTitle "GM"]
[WhiteElo "2529"]
[BlackElo "2506"]
[WhiteFideId "13601903"]
[BlackFideId "8601283"]
[EventDate "2016.02.28"]

1. d4 e6 2. Nf3 b6 3. e4 d5 4. Bd3 Nf6 5. e5 Nfd7 6. O-O Be7 7. c4 c6 8. Nc3 Na6
9. a3 Nc7 10. b4 Ba6 11. c5 Bxd3 12. Qxd3 a5 13. Bd2 O-O 14. Rfe1 Qc8 15. Bg5
Re8 16. Bxe7 Rxe7 17. Ng5 f5 18. exf6 gxf6 19. Nh3 b5 20. Qg3+ Kf7 21. Qf4 Nf8
22. Qh6 Ne8 23. Nf4 Kg8 24. Rab1 axb4 25. axb4 Ra3 26. Re3 Rg7 27. Ncxd5 Rxe3
28. Nxe3 Qd7 29. Rd1 Qa7 30. Qh5 Nc7 31. Qf3 Nd5 32. Nfxd5 exd5 33. Qxf6 Qa4 34.
Qxc6 Qb3 35. Qxd5+ 1-0